header

The major nation-states in the European Union / (Record no. 259806)

MARC details
000 -LEADER
fixed length control field 00536nam a22001817a 4500
003 - CONTROL NUMBER IDENTIFIER
control field OSt
005 - DATE AND TIME OF LATEST TRANSACTION
control field 20230317153458.0
008 - FIXED-LENGTH DATA ELEMENTS--GENERAL INFORMATION
fixed length control field 230317b xxu||||| |||| 00| 0 eng d
010 ## - LIBRARY OF CONGRESS CONTROL NUMBER
LC control number 2004021997
020 ## - INTERNATIONAL STANDARD BOOK NUMBER
International Standard Book Number 0321106423
040 ## - CATALOGING SOURCE
Original cataloging agency DLC
Transcribing agency DLC
Modifying agency DLC
050 ## - LIBRARY OF CONGRESS CALL NUMBER
Classification number D1060
Item number .P517 2005
100 ## - MAIN ENTRY--PERSONAL NAME
Personal name Piper, J. Richard,
Dates associated with a name 1946-
245 ## - TITLE STATEMENT
Title The major nation-states in the European Union /
Statement of responsibility, etc J. Richard Piper.
260 ## - PUBLICATION, DISTRIBUTION, ETC. (IMPRINT)
Place of publication, distribution, etc New York :
Name of publisher, distributor, etc Pearson/Longman,
Date of publication, distribution, etc c2005.
300 ## - PHYSICAL DESCRIPTION
Extent xx, 412 p. :
Other physical details |b ill. ;
Dimensions 24 cm.
942 ## - ADDED ENTRY ELEMENTS (KOHA)
Source of classification or shelving scheme Library of Congress Classification
Koha item type Long Loan Books
Holdings
Withdrawn status Lost status Source of classification or shelving scheme Damaged status Not for loan Collection code Home library Current library Shelving location Date acquired Total Checkouts Full call number Barcode Date last seen Price effective from Koha item type
    Library of Congress Classification     Non-fiction Rongo University Library Rongo University Library General Stacks 17/03/2023   D1060 .P517 2005 20153379 17/03/2023 17/03/2023 Long Loan Books

© 2026 Rongo University
Contact us: librarian | system librarian | Rongo university